Algunas reflexiones en torno a los sistemas de enseñanza modular en el área de la salud en México (Record no. 62185)
[ view plain ]
| 000 -CABECERA | |
|---|---|
| campo de control de longitud fija | 00826nam a2200265 a 4500 |
| 005 - FECHA Y HORA DE LA ÚLTIMA TRANSACCIÓN | |
| campo de control | 20210219152846.0 |
| 008 - ELEMENTOS DE LONGITUD FIJA--INFORMACIÓN GENERAL | |
| campo de control de longitud fija | 991125n 000 0 spa u |
| 035 ## - NÚMERO DE CONTROL DEL SISTEMA | |
| Número de control de sistema | UPN01000063559 |
| 100 ## - ASIENTO PRINCIPAL--NOMBRE PERSONAL | |
| Nombre de persona | Atrian Salazar, Magda Luz |
| 222 ## - TÍTULO CLAVE | |
| Título clave | REVISTA DE LA EDUCACION SUPERIOR |
| 245 ## - MENCIÓN DE TÍTULO | |
| Título | Algunas reflexiones en torno a los sistemas de enseñanza modular en el área de la salud en México |
| 300 ## - DESCRIPCIÓN FÍSICA | |
| Extensión | 110-132 |
| 362 ## - FECHAS DE PUBLICACIÓN Y/O DESIGNACIÓN SECUENCIAL | |
| Fecha de publicación y/o designación secuencial | 1983 12, no. 1(45), ene.-mar. |
| 653 0# - TERMINO DE INDIZACION - NO CONTROLADO | |
| Término no controlado | CURRICULUM |
| 653 0# - TERMINO DE INDIZACION - NO CONTROLADO | |
| Término no controlado | IMSS |
| 653 0# - TERMINO DE INDIZACION - NO CONTROLADO | |
| Término no controlado | INSTITUTO DE SEGURIDAD Y SERVICIOS SOCIALES DE LOS TRABAJADORES DEL ESTADO (MEXICO) |
| 653 0# - TERMINO DE INDIZACION - NO CONTROLADO | |
| Término no controlado | MÉDICOS |
| 653 0# - TERMINO DE INDIZACION - NO CONTROLADO | |
| Término no controlado | SALUD PUBLICA |
| 653 0# - TERMINO DE INDIZACION - NO CONTROLADO | |
| Término no controlado | SEM |
| 653 0# - TERMINO DE INDIZACION - NO CONTROLADO | |
| Término no controlado | 7. SERVICIOS DE SALUD |
| 653 0# - TERMINO DE INDIZACION - NO CONTROLADO | |
| Término no controlado | 8. UNAM |
| 700 ## - ASIENTO SECUNDARIO--NOMBRE DE PERSONAL | |
| Nombre de persona | Yrizar Rojas, Jose Antonio |
| 904 ## - ELEMENTOS DE DATOS D LOCAL, LDD (RLIN) | |
| a | AC |
| b | 001370 |
| 905 ## - TIPO DE MATERIAL | |
| Tipo de material | Articulo |
No items available.
